[Event "18th Karpov Poikovsky"]
[Site "Poikovsky RUS"]
[Date "2017.04.23"]
[Round "5.5"]
[White "Anton Guijarro, David"]
[Black "Zhigalko, Sergei"]
[Result "1/2-1/2"]
[WhiteTitle "GM"]
[BlackTitle "GM"]
[WhiteElo "2679"]
[BlackElo "2639"]
[WhiteFideId "2285525"]
[BlackFideId "13502956"]
[EventDate "2017.04.18"]

1. d4 Nf6 2. c4 e6 3. Nf3 b6 4. a3 Bb7 5. Nc3 d5 6. Bf4 Bd6 7. Bxd6 cxd6 8. e3
O-O 9. cxd5 Nxd5 10. Nxd5 Bxd5 11. Bd3 Nd7 12. e4 Bb7 13. O-O e5 14. Re1 exd4
15. Nxd4 Qf6 16. Bc2 Rad8 17. Re3 Ne5 18. Qe2 Ng4 19. Qxg4 Qxd4 20. Rc3 Rfe8 21.
Rd1 Qf6 22. Qf3 Qe7 23. Ba4 Rf8 24. Qe3 Qxe4 25. Qxe4 Bxe4 26. f3 Bf5 27. Rc7 a5
28. Rc6 Bd7 29. Rcxd6 Bxa4 30. Rxd8 Bxd1 31. Rxd1 g6 32. Rd6 Rb8 33. h4 Kf8 34.
Rd7 h5 35. Kh2 Rc8 36. Rb7 Rc6 37. Kg3 Kg7 38. b3 Rd6 39. Kf2 Rd2+ 40. Kg3 Rb2
41. Rxb6 a4 42. b4 Ra2 43. Ra6 Rxa3 44. b5 Rb3 45. Rxa4 Rxb5 1/2-1/2

[Event "18th Karpov Poikovsky"]
[Site "Poikovsky RUS"]
[Date "2017.04.24"]
[Round "6.1"]
[White "Zhigalko, Sergei"]
[Black "Jakovenko, Dmitry"]
[Result "1/2-1/2"]
[WhiteTitle "GM"]
[BlackTitle "GM"]
[WhiteElo "2639"]
[BlackElo "2718"]
[WhiteFideId "13502956"]
[BlackFideId "4122356"]
[EventDate "2017.04.18"]

1. e4 e5 2. Nf3 Nc6 3. Bb5 Nf6 4. d3 Bc5 5. Bxc6 dxc6 6. Nbd2 O-O 7. Nc4 Nd7 8.
Qe2 Re8 9. Bd2 b5 10. Ne3 Nb6 11. b3 Be6 12. O-O f6 13. a4 a6 14. Rfd1 Bf8 15.
Ba5 Bf7 16. h3 Qc8 17. Nf5 Nd7 18. Bd2 Nc5 19. Be3 Ne6 20. Ra2 c5 21. axb5 axb5
22. c4 Qd7 23. Ng3 Red8 24. Qc2 Qc6 25. Rda1 Rxa2 26. Rxa2 Qd7 27. Qd1 Rb8 28.
Kh2 Nd8 29. Ra1 Nc6 30. Ne1 Nb4 31. Qd2 Nc6 32. Ne2 Nd4 33. Qd1 Bh5 34. f3 f5
35. exf5 Nxf5 36. Bf2 Bg6 37. Nc3 bxc4 38. bxc4 Nd4 39. Ra2 Nc6 40. Ne4 Bxe4 41.
fxe4 Bd6 42. Nc2 Nb4 43. Rb2 Bf8 44. Ne1 1/2-1/2

[Event "18th Karpov Poikovsky"]
[Site "Poikovsky RUS"]
[Date "2017.04.24"]
[Round "6.2"]
[White "Sutovsky, Emil"]
[Black "Rodshtein, Maxim"]
[Result "1-0"]
[WhiteTitle "GM"]
[BlackTitle "GM"]
[WhiteElo "2650"]
[BlackElo "2701"]
[WhiteFideId "2802007"]
[BlackFideId "2806851"]
[EventDate "2017.04.18"]

1. e4 e5 2. Nf3 Nc6 3. Bb5 g6 4. c3 a6 5. Ba4 d6 6. d4 Bd7 7. dxe5 Nxe5 8. Nxe5
dxe5 9. Be3 Nf6 10. Nd2 b5 11. Bb3 Bd6 12. Qf3 h6 13. a4 Rb8 14. axb5 axb5 15.
O-O Qe7 16. h3 Kf8 17. Bc2 Kg7 18. b4 Nh7 19. Qe2 c5 20. Nb3 cxb4 21. Rfd1 Rhd8
22. Ra7 Qf6 23. Ra6 Bc8 24. Rc6 Bb7 25. Rb6 Qe7 26. Na5 Qc7 27. Qxb5 Ba8 28.
Rdxd6 Qxd6 29. Rxd6 Rxb5 30. Rxd8 Rxa5 31. cxb4 Ra2 32. Bb3 Ra1+ 33. Kh2 Bc6 34.
Bc5 Nf6 35. Bf8+ Kh7 36. Rd6 1-0

[Event "18th Karpov Poikovsky"]
[Site "Poikovsky RUS"]
[Date "2017.04.24"]
[Round "6.3"]
[White "Najer, Evgeniy"]
[Black "Anton Guijarro, David"]
[Result "1/2-1/2"]
[WhiteTitle "GM"]
[BlackTitle "GM"]
[WhiteElo "2679"]
[BlackElo "2679"]
[WhiteFideId "4118987"]
[BlackFideId "2285525"]
[EventDate "2017.04.18"]

1. e4 c6 2. d4 d5 3. e5 Bf5 4. Nf3 e6 5. Be2 c5 6. O-O Nc6 7. c3 a6 8. Be3 c4 9.
Nbd2 h6 10. g3 Nge7 11. Nh4 Bh7 12. Bg4 b5 13. f4 Qd7 14. b4 Bd3 15. Be2 Bxe2
16. Qxe2 a5 17. a3 Nc8 18. Ndf3 Be7 19. Ng2 Nb6 20. Bd2 g6 21. Ne3 Ra6 22. g4 h5
23. g5 Qa7 24. Nc2 axb4 25. axb4 Na4 26. Rfb1 Kd7 27. Kf1 Qb7 28. Qe1 Rha8 29.
Qc1 R8a7 30. Kg2 Qa8 31. Kf1 Bd8 32. Kg2 Bb6 33. Kf1 h4 34. h3 Ne7 35. Ne3 Bc7
36. Ne1 Qh8 37. N1c2 Qh5 38. Qd1 Qxd1+ 39. Nxd1 Nf5 40. Be1 Ra8 1/2-1/2

[Event "18th Karpov Poikovsky"]
[Site "Poikovsky RUS"]
[Date "2017.04.24"]
[Round "6.4"]
[White "Inarkiev, Ernesto"]
[Black "Dubov, Daniil"]
[Result "1/2-1/2"]
[WhiteTitle "GM"]
[BlackTitle "GM"]
[WhiteElo "2727"]
[BlackElo "2660"]
[WhiteFideId "4162722"]
[BlackFideId "24126055"]
[EventDate "2017.04.18"]

1. e4 e5 2. Nf3 Nc6 3. Bb5 a6 4. Ba4 Nf6 5. O-O Be7 6. d3 b5 7. Bb3 d6 8. a3 Bg4
9. c3 Na5 10. Bc2 c5 11. h3 Bd7 12. Nbd2 O-O 13. Re1 Nc6 14. Nf1 Be6 15. Ng5 Bc8
16. f4 exf4 17. Bxf4 Nd7 18. Nf3 Nde5 19. Bb3 Nxf3+ 20. Qxf3 Be6 21. Bd5 Rc8 22.
Ne3 Ne5 23. Bxe5 dxe5 24. a4 Bg5 25. Ng4 Qd6 26. axb5 axb5 27. Bxe6 fxe6 1/2-1/2

[Event "18th Karpov Poikovsky"]
[Site "Poikovsky RUS"]
[Date "2017.04.24"]
[Round "6.5"]
[White "Bologan, Victor"]
[Black "Korobov, Anton"]
[Result "0-1"]
[WhiteTitle "GM"]
[BlackTitle "GM"]
[WhiteElo "2640"]
[BlackElo "2695"]
[WhiteFideId "13900048"]
[BlackFideId "14105730"]
[EventDate "2017.04.18"]

1. e4 c5 2. Nf3 Nc6 3. Bb5 e5 4. O-O Bd6 5. c3 a6 6. Ba4 b5 7. Bc2 Nge7 8. a4
Rb8 9. axb5 axb5 10. d4 cxd4 11. cxd4 Nxd4 12. Nxd4 exd4 13. Nd2 O-O 14. e5 Bxe5
15. Bxh7+ Kxh7 16. Qh5+ Kg8 17. Qxe5 Rb6 18. Ra3 Rg6 19. Qxb5 Qc7 20. Nf3 Bb7
21. Bf4 Qxf4 22. Qxb7 Nc6 23. g3 Qg4 24. Re1 Rf6 25. Qb3 Re6 26. Rea1 Rb8 27.
Qd5 Rf6 28. Kg2 Rxb2 29. Ra8+ Kh7 30. h3 Qf5 31. Qxf5+ Rxf5 32. Re1 d3 33. Ra3
Nb4 34. Rd1 Rc5 35. Ne1 Rcc2 36. Nxc2 dxc2 37. Rf1 d5 38. Raa1 Rb3 39. Rfc1 d4
40. Kf1 d3 41. Ke1 Nc6 42. Kd2 Ne5 43. Ke3 Nc4+ 44. Kd4 Na3 0-1

[Event "18th Karpov Poikovsky"]
[Site "Poikovsky RUS"]
[Date "2017.04.25"]
[Round "7.1"]
[White "Dubov, Daniil"]
[Black "Sutovsky, Emil"]
[Result "1/2-1/2"]
[WhiteTitle "GM"]
[BlackTitle "GM"]
[WhiteElo "2660"]
[BlackElo "2650"]
[WhiteFideId "24126055"]
[BlackFideId "2802007"]
[EventDate "2017.04.18"]

1. c4 c6 2. Nf3 d5 3. e3 Nf6 4. Nc3 g6 5. d4 Bg7 6. Bd3 O-O 7. O-O Bg4 8. h3
Bxf3 9. Qxf3 dxc4 10. Bxc4 Nbd7 11. Rd1 e5 12. d5 e4 13. Nxe4 Nxe4 14. Qxe4 Nb6
15. Qc2 Nxc4 16. Qxc4 cxd5 17. Rxd5 Qb6 18. Qd3 Rad8 19. e4 Bd4 20. Qf3 Rc8 21.
a4 Rc2 22. a5 Qb4 23. Bh6 Qxb2 24. Rf1 Bg7 25. Be3 b6 26. axb6 axb6 1/2-1/2

[Event "18th Karpov Poikovsky"]
[Site "Poikovsky RUS"]
[Date "2017.04.25"]
[Round "7.2"]
[White "Anton Guijarro, David"]
[Black "Inarkiev, Ernesto"]
[Result "1/2-1/2"]
[WhiteTitle "GM"]
[BlackTitle "GM"]
[WhiteElo "2679"]
[BlackElo "2727"]
[WhiteFideId "2285525"]
[BlackFideId "4162722"]
[EventDate "2017.04.18"]

1. d4 Nf6 2. c4 e6 3. Nf3 d5 4. Nc3 Bb4 5. Bg5 h6 6. Bxf6 Qxf6 7. e3 O-O 8. Qb3
c5 9. cxd5 exd5 10. dxc5 Bxc3+ 11. Qxc3 Qxc3+ 12. bxc3 Nd7 13. Rd1 Nf6 14. Nd4
Bd7 15. f3 Rfc8 16. Nb3 b6 17. Ba6 Rc7 18. c4 dxc4 19. Bxc4 b5 20. Be2 a6 21.
Kf2 Be6 22. Rd6 Bxb3 23. axb3 Rxc5 24. Rhd1 Kf8 25. e4 Ke7 26. Rb6 Rc7 27. Ra1
Rca7 28. Rc6 Ne8 29. f4 Nc7 30. Rac1 Ne6 31. Ke3 Rd8 32. Rc8 Rxc8 33. Rxc8 Kd7
34. Rg8 g5 35. f5 Nf4 36. Bf1 Rc7 37. g3 Rc1 38. gxf4 Rxf1 39. fxg5 hxg5 40.
Rxg5 Ke7 41. Kd4 a5 42. Rg2 Kf6 43. Kc5 Rf3 44. Rb2 b4 45. Kb5 Re3 46. Kxa5 Rxe4
47. Rf2 Rh4 48. Kb5 Ke5 49. f6 Ke6 50. Ka4 Ke5 51. Kb5 Ke6 52. Ka4 Ke5 1/2-1/2

[Event "18th Karpov Poikovsky"]
[Site "Poikovsky RUS"]
[Date "2017.04.25"]
[Round "7.3"]
[White "Korobov, Anton"]
[Black "Zhigalko, Sergei"]
[Result "1-0"]
[WhiteTitle "GM"]
[BlackTitle "GM"]
[WhiteElo "2695"]
[BlackElo "2639"]
[WhiteFideId "14105730"]
[BlackFideId "13502956"]
[EventDate "2017.04.18"]

1. d4 Nf6 2. c4 e6 3. Nf3 b6 4. g3 Ba6 5. b3 Bb4+ 6. Bd2 Be7 7. Bg2 c6 8. Bc3 d5
9. Nbd2 Nbd7 10. Qc2 c5 11. dxc5 bxc5 12. e3 O-O 13. O-O Qb6 14. Rac1 Bb7 15.
Rfe1 a5 16. cxd5 Nxd5 17. Nc4 Qc7 18. Bb2 a4 19. bxa4 Nb4 20. Qb3 Rfb8 21. a3
Nd5 22. Qc2 N5b6 23. Nxb6 Qxb6 24. Bc3 Nf6 25. a5 Qa6 26. Bxf6 Bxf6 27. Qxc5 g6
28. Rb1 Rc8 29. Qb5 Bd5 30. Nd2 Bxg2 31. Kxg2 Qxa5 32. Qxa5 Rxa5 33. Ne4 Be7 34.
Rb7 Bxa3 35. Rd1 Kg7 36. Rdd7 Rf8 37. Nd2 Rd5 38. Rxd5 exd5 39. Rd7 h5 40. Nf3
Re8 41. Rxd5 Re7 42. Ne1 Rc7 43. h3 Be7 44. Nd3 Ra7 45. f4 Rc7 46. Kf3 Ra7 47.
e4 Rb7 48. f5 Ra7 49. h4 Ba3 50. Nf4 Bc1 51. Nd3 Bh6 52. fxg6 fxg6 53. e5 g5 54.
hxg5 Bxg5 55. Nf4 Ra3+ 56. Ke4 Bxf4 57. gxf4 h4 58. Rd7+ Kh6 59. Kf5 h3 60. Rd2
Kh5 61. e6 Re3 62. Rd8 Kh4 63. Kf6 Kg4 64. f5 h2 65. Rg8+ Kf3 66. Rh8 Kg2 67. e7 1-0

[Event "18th Karpov Poikovsky"]
[Site "Poikovsky RUS"]
[Date "2017.04.26"]
[Round "8.1"]
[White "Bologan, Victor"]
[Black "Zhigalko, Sergei"]
[Result "1/2-1/2"]
[WhiteTitle "GM"]
[BlackTitle "GM"]
[WhiteElo "2640"]
[BlackElo "2639"]
[WhiteFideId "13900048"]
[BlackFideId "13502956"]
[EventDate "2017.04.18"]

1. e4 c5 2. Nf3 Nc6 3. d4 cxd4 4. Nxd4 Nf6 5. Nc3 e5 6. Ndb5 d6 7. Bg5 a6 8. Na3
b5 9. Nd5 Be7 10. Bxf6 Bxf6 11. c3 Bg5 12. Nc2 Ne7 13. Ncb4 O-O 14. h4 Bh6 15.
Bd3 Nxd5 16. Nxd5 Be6 17. Bc2 Rb8 18. Qd3 a5 19. a3 Kh8 20. Rd1 Bg4 21. f3 Be6
22. g3 Bxd5 23. Qxd5 Qb6 24. Kf1 b4 25. axb4 axb4 26. Rh2 bxc3 27. bxc3 Qc7 28.
Qxd6 Qxc3 29. Rd3 Qa1+ 30. Rd1 Qc3 31. Rd3 Qa1+ 32. Rd1 Qc3 1/2-1/2

[Event "18th Karpov Poikovsky"]
[Site "Poikovsky RUS"]
[Date "2017.04.26"]
[Round "8.3"]
[White "Najer, Evgeniy"]
[Black "Korobov, Anton"]
[Result "1-0"]
[WhiteTitle "GM"]
[BlackTitle "GM"]
[WhiteElo "2679"]
[BlackElo "2695"]
[WhiteFideId "4118987"]
[BlackFideId "14105730"]
[EventDate "2017.04.18"]

1. e4 e6 2. d4 d5 3. Nc3 Nf6 4. e5 Nfd7 5. f4 c5 6. Nf3 Nc6 7. Be3 Be7 8. Qd2 a6
9. dxc5 Nxc5 10. O-O-O Qa5 11. Kb1 b5 12. h4 Bd7 13. g4 b4 14. Ne2 Ne4 15. Qe1
Rb8 16. Nc1 Nc3+ 17. bxc3 bxc3+ 18. Nb3 Rxb3+ 19. axb3 Ba3 20. Bb6 Qxb6 21. Qxc3
O-O 22. Ng5 Rc8 23. Qd3 g6 24. Rh2 Be7 25. Qxa6 Qc7 26. Qa1 Qb6 27. h5 Qg1 28.
Nf3 Qxg4 29. Be2 Qxf4 30. hxg6 fxg6 31. Rdh1 h5 32. Rg1 Be8 33. Qa6 Rc7 34. Rxh5
Kg7 35. Qb6 Bd8 36. Rh4 Qf7 37. Rhg4 Qf5 38. Qe3 d4 39. Qd2 Rb7 40. Qd3 Be7 41.
Nxd4 Nxd4 42. Rxd4 Bc5 43. Rf1 Qxd3 44. Rxd3 Bb5 45. Rf6 Bxd3 46. Bxd3 Bd4 47.
Rxe6 Ra7 48. Rxg6+ Kf8 49. Ba6 Bxe5 50. b4 Bc3 51. b5 Bd4 52. Rd6 Be3 53. Kb2
Ke7 54. Rg6 Kd7 55. Kb3 Ra8 56. Kb4 Rh8 57. b6 Rh6 58. Bb5+ Kc8 59. Ba6+ Kd7 60.
Rg7+ Kc6 61. b7 Bc5+ 62. Kb3 Rh8 63. Bd3 Bd6 64. Be4+ Kb6 65. Rd7 Bg3 66. c3 Ka7
67. Bg2 Rh2 68. Bd5 Rh8 69. Rf7 Be5 70. Kb4 Kb6 71. Rd7 Bg3 72. Rf7 Be5 73. Rf5
Bd6+ 74. Kb3 Re8 75. Bf3 Kc7 76. Rb5 Kb8 77. Rb6 Be5 78. Ra6 Kc7 79. c4 Bd4 80.
Kb4 Rf8 81. Ra8 Be5 82. Kb5 Rb8 83. Bg2 Bh2 84. Bh1 Be5 85. Bd5 Bh2 86. Ra2 Rh8
87. Ra8 Rb8 88. Ra6 Rd8 89. Be4 Re8 90. Rc6+ Kb8 91. Kb6 Rd8 92. c5 Bg1 93. Bf5
Bxc5+ 94. Rxc5 Rd6+ 95. Rc6 Re6 96. Bd3 1-0

[Event "18th Karpov Poikovsky"]
[Site "Poikovsky RUS"]
[Date "2017.04.26"]
[Round "8.4"]
[White "Inarkiev, Ernesto"]
[Black "Jakovenko, Dmitry"]
[Result "0-1"]
[WhiteTitle "GM"]
[BlackTitle "GM"]
[WhiteElo "2727"]
[BlackElo "2718"]
[WhiteFideId "4162722"]
[BlackFideId "4122356"]
[EventDate "2017.04.18"]

1. d4 Nf6 2. c4 e6 3. Nf3 d5 4. g3 Bb4+ 5. Bd2 Be7 6. Bg2 O-O 7. O-O c6 8. Qc2
Nbd7 9. b3 b6 10. Rd1 a5 11. Bc3 Bb7 12. Nbd2 Qc7 13. Rac1 c5 14. Bb2 dxc4 15.
Nxc4 b5 16. Nce5 Nxe5 17. Nxe5 Bxg2 18. Kxg2 Qb7+ 19. e4 Rfc8 20. f3 cxd4 21.
Qf2 a4 22. Bxd4 h6 23. Nd3 Nxe4 24. Rxc8+ Rxc8 25. fxe4 Qxe4+ 26. Kf1 Rd8 27.
Ne5 Bf6 28. Qf4 Qh1+ 29. Ke2 Qxh2+ 30. Ke1 Qh1+ 31. Ke2 Qg2+ 32. Ke1 Rd5 33. Rd2
Qh1+ 34. Kf2 Qc1 35. Ke2 Qh1 36. Nf3 Bxd4 37. Rxd4 Qg2+ 38. Ke3 Rf5 39. Qg4 Qxa2
40. bxa4 bxa4 41. Rd8+ Kh7 42. Qe4 g6 43. Qd4 e5 44. Qe4 Qb3+ 45. Ke2 Qb5+ 46.
Kd1 a3 47. Qa8 Qb1+ 48. Ke2 Qb2+ 49. Rd2 Qb5+ 50. Kf2 Qb4 51. Re2 a2 52. Kg2 e4
53. Nh4 Ra5 54. Qe8 a1=Q 55. Rf2 Ra7 0-1

[Event "18th Karpov Poikovsky"]
[Site "Poikovsky RUS"]
[Date "2017.04.27"]
[Round "9.1"]
[White "Dubov, Daniil"]
[Black "Bologan, Victor"]
[Result "1/2-1/2"]
[WhiteTitle "GM"]
[BlackTitle "GM"]
[WhiteElo "2660"]
[BlackElo "2640"]
[WhiteFideId "24126055"]
[BlackFideId "13900048"]
[EventDate "2017.04.18"]

1. c4 e5 2. g3 Nf6 3. Bg2 c6 4. Nf3 e4 5. Nd4 d5 6. cxd5 Qxd5 7. e3 Bc5 8. d3
Bxd4 9. exd4 Qxd4 10. dxe4 Qxd1+ 11. Kxd1 O-O 12. f3 c5 13. Be3 b6 14. Nc3 Nc6
15. Kc1 Be6 16. Rd1 Rad8 17. b3 Rxd1+ 18. Nxd1 Rd8 19. Kb2 c4 20. Nf2 Nd7 21.
Rd1 cxb3 22. axb3 Na5 23. Bh3 Bxh3 24. Nxh3 Nc6 25. Nf2 f6 26. Rc1 Rc8 27. Nd3
Kf7 28. f4 Ne7 29. Ra1 Rc7 30. f5 Ne5 31. Nxe5+ fxe5 32. g4 Rd7 33. Kc3 Nc8 34.
Bf2 Nd6 35. Re1 g5 36. Kb2 Rc7 37. h4 Kf6 38. Re2 h6 39. Be1 Rc6 40. Bd2 Rc8 41.
hxg5+ hxg5 42. Bb4 Nf7 43. Rd2 a5 44. Bc3 Rd8 45. Rxd8 Nxd8 46. b4 Nb7 47. bxa5
bxa5 48. Kb3 Nc5+ 49. Kc4 Nxe4 50. Bxa5 Nf2 51. Bd8+ Kf7 52. Bxg5 1/2-1/2

[Event "18th Karpov Poikovsky"]
[Site "Poikovsky RUS"]
[Date "2017.04.27"]
[Round "9.2"]
[White "Zhigalko, Sergei"]
[Black "Najer, Evgeniy"]
[Result "0-1"]
[WhiteTitle "GM"]
[BlackTitle "GM"]
[WhiteElo "2639"]
[BlackElo "2679"]
[WhiteFideId "13502956"]
[BlackFideId "4118987"]
[EventDate "2017.04.18"]

1. e4 c6 2. d4 d5 3. e5 Bf5 4. Nf3 e6 5. Be2 Ne7 6. c3 h6 7. O-O Nd7 8. Nbd2 a5
9. Re1 a4 10. Nf1 Bg6 11. Bf4 c5 12. c4 Nb6 13. dxc5 Nxc4 14. b3 Na3 15. Rc1 Nc6
16. bxa4 Qa5 17. Qb3 Qxa4 18. Qxb7 Rb8 19. Bd1 Qa8 20. Qxa8 Rxa8 21. Re3 Be7 22.
Rb3 O-O 23. N1d2 Rfc8 24. Be3 Ra5 25. Rb7 Bd8 26. Nb3 Raa8 27. Nbd4 Na5 28. Rd7
N3c4 29. Be2 Be4 30. h3 Nxe3 31. fxe3 Bb6 32. Nd2 Bg6 33. h4 h5 34. g4 hxg4 35.
Bxg4 Rxc5 36. Rxc5 Bxc5 37. Be2 Bxd4 38. exd4 Nc6 39. h5 Bf5 40. Nb3 Rxa2 41.
Bb5 Ra3 42. Bxc6 Rxb3 43. Rd8+ Kh7 44. Rd7 Rb4 45. Rxf7 Rxd4 46. Kf2 Kg8 47. Rd7
Rf4+ 48. Kg3 Re4 0-1

[Event "18th Karpov Poikovsky"]
[Site "Poikovsky RUS"]
[Date "2017.04.27"]
[Round "9.3"]
[White "Jakovenko, Dmitry"]
[Black "Sutovsky, Emil"]
[Result "1/2-1/2"]
[WhiteTitle "GM"]
[BlackTitle "GM"]
[WhiteElo "2718"]
[BlackElo "2650"]
[WhiteFideId "4122356"]
[BlackFideId "2802007"]
[EventDate "2017.04.18"]

1. d4 Nf6 2. c4 g6 3. g3 Bg7 4. Bg2 O-O 5. Nc3 d6 6. Nf3 Nbd7 7. O-O e5 8. e4 c6
9. b3 exd4 10. Nxd4 Nc5 11. f3 Re8 12. Be3 d5 13. Nxc6 bxc6 14. Bxc5 dxc4 15.
Qxd8 Rxd8 16. Rad1 Rxd1 17. Rxd1 Nd7 18. Bd4 cxb3 1/2-1/2

[Event "18th Karpov Poikovsky"]
[Site "Poikovsky RUS"]
[Date "2017.04.27"]
[Round "9.4"]
[White "Korobov, Anton"]
[Black "Inarkiev, Ernesto"]
[Result "1/2-1/2"]
[WhiteTitle "GM"]
[BlackTitle "GM"]
[WhiteElo "2695"]
[BlackElo "2727"]
[WhiteFideId "14105730"]
[BlackFideId "4162722"]
[EventDate "2017.04.18"]

1. d4 Nf6 2. c4 e6 3. Nc3 Bb4 4. Qc2 O-O 5. e4 d5 6. e5 Ne4 7. Bd3 c5 8. Nf3
cxd4 9. Nxd4 Nd7 10. Bf4 Qh4 11. g3 Qh5 12. O-O Bxc3 13. bxc3 g5 14. Be2 Qh3 15.
Bc1 Nxe5 16. cxd5 exd5 17. f3 Nxg3 18. hxg3 Qxg3+ 19. Kh1 Qh3+ 20. Kg1 Qg3+ 21.
Kh1 Qh3+ 22. Kg1 1/2-1/2

[Event "18th Karpov Poikovsky"]
[Site "Poikovsky RUS"]
[Date "2017.04.27"]
[Round "9.5"]
[White "Anton Guijarro, David"]
[Black "Rodshtein, Maxim"]
[Result "1/2-1/2"]
[WhiteTitle "GM"]
[BlackTitle "GM"]
[WhiteElo "2679"]
[BlackElo "2701"]
[WhiteFideId "2285525"]
[BlackFideId "2806851"]
[EventDate "2017.04.18"]

1. Nf3 d5 2. b3 Bf5 3. Bb2 e6 4. d3 Nf6 5. Nh4 Bg4 6. h3 Bh5 7. g4 Nfd7 8. Ng2
Bg6 9. Nf4 c6 10. e3 Bb4+ 11. Nd2 e5 12. Nxg6 hxg6 13. Bg2 a5 14. O-O Na6 15.
Qe2 a4 16. a3 Bxd2 17. Qxd2 axb3 18. f4 bxc2 19. fxe5 Qg5 20. e6 fxe6 21. Bxg7
Rh7 22. Bb2 Nac5 23. Rae1 O-O-O 24. Qxc2 e5 25. e4 dxe4 26. d4 exd4 27. Bxd4 Qd5
28. Rd1 Re8 29. Rf2 Qd6 30. Re2 Re6 31. Bf2 Qe7 32. Qc4 Rf7 33. Bg3 Ne5 34. Qc3
b6 35. Rb1 Qc7 36. Kh1 Rd7 37. Bxe4 Nxe4 38. Rxe4 Rd3 39. Qxd3 Nxd3 40. Bxc7
Rxe4 41. Bxb6 c5 42. Kg2 Re3 43. a4 Nf4+ 44. Kf2 Ra3 45. Bxc5 1/2-1/2